LDR 00805naa#a2200169#i#450# 001 EN\\bibl\120442 005 20260418135645.6 011 ## _a2409-1073 100 ## _a20240620b2024####ek#y0engy0150####ca 102 ## _aRU 200 1# _aOriginal article Problem of the beginning or the ultimate minimal unit of human consciousness in the formation of historical subjectivity through the optics of the philosophy of Leibniz, Descartes, and Spinoza _eJournal article 210 1# _aMoscow _cNational Research University of Electronic Technology _d2024 215 ## _a0 с. 608 ## _aJournal article _2local 675 ## _aСущность философии. Философия как наука. Философия как искусство.. 101.1 _aСоциология. 316 _z 700 #1 _aBurik _gMarina L. 856 4# _aesgi-journal.ru _u